A technológia fejlődésének hatása az idegenvezetésekre Japán és Magyarország összehasonlításában

Bibliographic Details
Main Author: Jurisits Virág
Other Authors: Bottyán Dr. Éva
Format: Thesis
Kulcsszavak:Technológia
Modernizáció
Összehasonlítás
Online Access:http://dolgozattar.uni-bge.hu/23146

MARC

LEADER 00000nta a2200000 i 4500
001 dolg23146
005 20200221143711.0
008 191120suuuu hu om 000 hun d
040 |a BGE Dolgozattár Repozitórium  |b hun 
041 |a hu 
100 1 |a Jurisits Virág 
245 1 2 |a A technológia fejlődésének hatása az idegenvezetésekre Japán és Magyarország összehasonlításában  |c Jurisits Virág  |h [elektronikus dokumentum] 
246 1 1 |a A technológia fejlődésének hatása az idegenvezetésekre Japán és Magyarország összehasonlításában 
695 |a Technológia 
695 |a Modernizáció 
695 |a Összehasonlítás 
700 1 |a Bottyán Dr. Éva  |e ths 
856 4 0 |u http://dolgozattar.uni-bge.hu/23146/1/Jurisits%20Vir%C3%A1g_HACJPO_TV.pdf  |z Dokumentum-elérés